000 00866nam a2200193 i 4500
001 98702
003 ES-MaACL
005 20250822152427.0
007 t|
008 051020s1881 sp ||||1| spa d
245 0 0 _aManual de elecciones de senadores y diputados a Cortes /
_cpor Eusebio Freixa y Rabasó.
260 _aMadrid :
_b[s.n.],
_c1881 (
_fE. Martínez y E. Pradera)
300 _a63 p. ;
_c21 cm.
505 8 _aContiene: Las leyes electorales de los cuerpos colegisladores de 8 de febrero de 1877 y 28 de diciembrede 1878... la de 7 de marzo de 1880 sobre incompatibilidades de diputados a Cortes; la Real Orden Circular de 30 de diciembre de 1878
650 0 4 _aDerecho electoral-
_zEspaña
_911705
700 1 _aFreixa y Rabasó, Eusebio,
_d1824-1894
_952479
852 _aES-MaACL
_jL-4906(13-6)
_z.- Donativo Roda
999 _c98702
_d98702